01003 a2200169 4500003000500000005001700005040000900022082001900031100002200050245007900072250001100151260003200162300002400194505055900218600002200777650003400799Nust20221202184109.0 cNust a621.381528,COB aCoblenz, Abraham. aTransistors: theory and applications /cAbraham Coblenz and Harry L. Owens a1st ed aMcGraw-HillbNew Yorkc1955 a313 pbillusc24 cm aA Short History Of Transistors (Page-1), Holes And The Transistor (Page-9), A Glimpse Of Quantum Mechanics (Page-22), The Electron (Page-34), Nature Of Semiconductor (Page-45), Point Contact Transistors (Page-58), Junction Transistors (Page-73), Electronic Of Transistors (Page-90), Small Signal Parameters (Page-109), Grounded Emitter And Grounded Collector Connections (Page-127), Theory Of Transistor Switching Circuits (Page-146), Cascading Of Transistors (Page-165), Manufacturing Processes (Page-202), Silicon (Page-238), Special Topics (Page-249). aCoblenz, Abraham. aTelecommunication Engineering